|
|
|
|
| LEADER |
00813nam a2200205 a 4500 |
| 001 |
GR-MES11826 |
| 008 |
070321s gr 000 0 gre d |
| 020 |
|
|
|a 9606627330
|
| 040 |
|
|
|a GrPaTEI
|b gre
|c GR-PaULI
|
| 040 |
|
|
|a GrPaTEI
|b gre
|c GR-PaULI
|
| 082 |
|
0 |
|a Μ
|
| 100 |
1 |
|
|a Σαντατσόγλου, Χρίστος
|
| 245 |
1 |
3 |
|a Οι αλαφροϊσκιωτες /
|c Χρίστος Σαντατσόγλου.
|
| 260 |
|
|
|a Αθήνα :
|b Ηλέκτρα,
|c 2006
|
| 300 |
|
|
|a 99σ. :
|b εικ. ;
|c 20εκ.
|
| 650 |
|
4 |
|a Ελληνική Λογοτεχνία
|
| 942 |
|
|
|2 ddc
|
| 952 |
|
|
|0 0
|1 0
|2 ddc
|4 0
|6 Μ_ΣΑΝ
|7 0
|9 270613
|a MSLG
|b MSLG
|c BSC
|d 2021-01-17
|e 24
|f 0
|g 0.00
|l 0
|o Μ ΣΑΝ
|p 2420000021439
|r 2021-01-17 00:00:00
|t 1
|w 2021-01-17
|y BK15
|x 20070321 0 1
|x GrPaTEI
|
| 971 |
|
|
|a .b25778730
|b 01-10-20
|c 13-09-16
|
| 999 |
|
|
|c 156318
|d 156318
|